PRACTICAL MANUAL OF SOCIAL PHARMACY (Record no. 12090)

MARC details
000 -LEADER
fixed length control field 00432nam a22001817a 4500
003 - CONTROL NUMBER IDENTIFIER
control field OSt
008 - FIXED-LENGTH DATA ELEMENTS--GENERAL INFORMATION
fixed length control field 231011b |||||||| |||| 00| 0 eng d
020 ## - INTERNATIONAL STANDARD BOOK NUMBER
International Standard Book Number 9789354513442
100 ## - MAIN ENTRY--PERSONAL NAME
Personal name GUPTA,G.D
245 ## - TITLE STATEMENT
Title PRACTICAL MANUAL OF SOCIAL PHARMACY
250 ## - EDITION STATEMENT
Edition statement 2nd
260 ## - PUBLICATION, DISTRIBUTION, ETC. (IMPRINT)
Place of publication, distribution, etc DELHI
Name of publisher, distributor, etc NIRALI PUB.
Date of publication, distribution, etc 2022
300 ## - PHYSICAL DESCRIPTION
Extent 174
650 ## - SUBJECT ADDED ENTRY--TOPICAL TERM
Topical term or geographic name as entry element SOCIAL PHARMACY
700 ## - ADDED ENTRY--PERSONAL NAME
Personal name SHARMA,SLAILESH
700 ## - ADDED ENTRY--PERSONAL NAME
Personal name SHARMA,ANSHU
942 ## - ADDED ENTRY ELEMENTS (KOHA)
Source of classification or shelving scheme Dewey Decimal Classification
Koha item type Reference Books
Holdings
Withdrawn status Lost status Source of classification or shelving scheme Damaged status Not for loan Collection code Home library Current library Date acquired Source of acquisition Currency Cost, normal purchase price Bill Number Total Checkouts Full call number Acc. no. / Barcode Date last seen Actual Cost, discounted price Bill Date Koha item type Checked out Date last borrowed
    Dewey Decimal Classification     Diploma in Pharmacy PIET C-LIBRARY PIET C-LIBRARY 10/10/2023 KIRTI PRAKSHAN RUPEES 215.00 IN-1035   615.1 GUP DP1190 11/10/2023 161.25 05/10/2023 Reference Books    
    Dewey Decimal Classification     Diploma in Pharmacy PIET C-LIBRARY PIET C-LIBRARY 10/10/2023 KIRTI PRAKSHAN RUPEES 215.00 IN-1035 3 615.1 GUP DP1191 02/09/2025 161.25 05/10/2023 Text Books 23/03/2026 02/09/2025

Design & Developed by: PIET Central Library
R70 Miles Stone Pattikalyana Samalkha Panipat 132102
mail ID :- [email protected], Phone No:- 0180-2569700 Ex.216